Loading...
Eureka Scientific breakthroughs that changed the world /
| Main Author: | |
|---|---|
| Language: | Undetermined |
| Published: |
New York :
John Wiley and sons ,
2002.
|
| Subjects: |
| LEADER | 00571nam a2200169Ia 4500 | ||
|---|---|---|---|
| 001 | 138708 | ||
| 008 | 170722s9999 xx 000 0 und d | ||
| 020 | |a 0471402761 | ||
| 100 | |a Horvitz, Leslie Alan | ||
| 245 | |a Eureka |b Scientific breakthroughs that changed the world / | ||
| 260 | |a New York : |b John Wiley and sons , |c 2002. | ||
| 300 | |a 246 p. | ||
| 653 | |a General Science | ||
| 923 | |d 20040315 |n WCD2720/03 | ||
| 942 | |c GEN | ||
| 999 | |c 128615 |d 128615 | ||
| 952 | |0 0 |1 0 |4 0 |6 A_P21R |7 0 |8 R |9 181889 |a LIB |b LIB |d 2013-03-25 |e Modern Book Centre |o A P21(R) |p 253105 |r 2017-08-12 |w 2017-08-12 |y GEN | ||